00969cam a22002651a 450000100060000000300080000600500170001400800410003103500140007203500120008604000220009804100080012008200220012810000440015024500320019425000110022626000360023730000350027350001730030850400310048165000320051294200120054499900170055695201300057372420BD-RjUL20211209082247.0190304s1949 nyua b 000 0 eng  a(BD-RjUL) a2250542 aLCbengcLCdXNTU aeng04a547223bWHA 19491 aWheland, George Willard,d1907-922894810aAdvanced organic chemistry. a2d ed. aNew York,bJ. Wileyc1949[1954] axi, 799 p. :bdiagrs ;c24 cm. a"Chapters 1-10 copyrighted as Syllabus for advanced organic chemistry 321 ... 1946. Chapters 12-15 copyrighted as Syllabus for advanced organic chemistry 322 ... 1948." aBibliographical footnotes. 0aChemistry, Organic.9228949 2ddccBK c72420d72420 00102ddc40718NFICaRUCLbRUCLcReadingd1957-09-26eN/Ag63.00l0o547 WHA 1954r2019-03-04 00:00:00tC-1w2021-12-09yBK